Starostlivosť o zdravie zamestnancov ako súčasť personálneho manažmentu diplomová práca

Na minha lista:
Detalhes bibliográficos
Autor principal: Kobidová, Simona
Autor Corporativo: Fakulta podnikového manažmentu EU. Katedra manažmentu
Outros Autores: Matkovčíková, Natália, 1982-
Formato: Livro
Idioma:eslovaco
Publicado em: Bratislava 2025
Tags: Adicionar Tag
Sem tags, seja o primeiro a adicionar uma tag!

MARC

LEADER 00000nbm a2200000 4500
001 0309979
005 20251217135559.6
041 0 |a slo 
044 |a SK 
245 1 0 |a Starostlivosť o zdravie zamestnancov ako súčasť personálneho manažmentu  |b diplomová práca  |c Simona Kobidová ; školiteľ: Natália Matkovčíková 
264 1 |a Bratislava  |c 2025 
300 |a 73 s. 
100 1 |a Kobidová, Simona 
700 1 |a Matkovčíková, Natália, 1982- 
710 2 |a Fakulta podnikového manažmentu EU. Katedra manažmentu